| Tag |
First Indicator |
Second Indicator |
Subfields |
| LEADER |
00000cam a2200000 4500 |
| 001 |
in00000044916 |
| 005 |
20151007065129.0 |
| 008 |
780314s1921 gw a 00000 ger d |
| 010 |
|
|
|a gs 22000304
|
| 035 |
|
|
|a (OCoLC)
|
| 035 |
|
|
|9 AAE1348AM
|
| 040 |
|
|
|a HDC
|c HDC
|d TXA
|d UtOrBLW
|
| 049 |
|
|
|a TXAM
|c [49947]
|
| 090 |
|
|
|a QE201
|b .F748 1921
|
| 092 |
|
|
|a 557.2
|b F889g
|
| 100 |
1 |
|
|a Freudenberg, Wilhelm,
|d 1881-
|
| 245 |
1 |
0 |
|a Geologie von Mexiko. :
|b Dargestellt nach der literatur und nach eigenen forschungen von Wilhelm Freudenberg /
|c Mit 1 tafel und 29 texfiguren.
|
| 264 |
|
1 |
|a Berlin :
|b Borntraeger,
|c 1921.
|
| 300 |
|
|
|a 232 pages :
|b illustrations ;
|c 24 cm.
|
| 336 |
|
|
|a text
|b txt
|2 rdacontent
|
| 337 |
|
|
|a unmediated
|b n
|2 rdamedia
|
| 338 |
|
|
|a volume
|b nc
|2 rdacarrier
|
| 650 |
|
0 |
|a Geology
|z Mexico.
|
| 999 |
|
|
|a MARS
|
| 999 |
f |
f |
|s 53b3139a-0bf5-3618-9a5b-57b41bb67110
|i 0c06e402-7c8a-3f41-9118-66c2f40ba00c
|t 0
|
| 952 |
f |
f |
|p ric
|a Texas A&M University
|b Rellis Campus
|c Joint Library Facility
|d Remote Storage
|t 0
|e QE201 .F748 1921
|h Library of Congress classification
|i unmediated -- volume
|m A14833901232
|
| 998 |
f |
f |
|a QE201 .F748 1921
|t 0
|l Remote Storage
|